00972nam a2200241 a 450000100100000000500170001000800410002704000250006804100080009308200120010110000310011324501240014425000160026826000680028430000200035254600130037260000590038574000300044470000300047491000380050495201710054299900170071300003138220240409073643.0110620s1939 dr r 000 | eng d aDO-SdBNPbspacBNPHU07aeng aF-RD 571 aNanita, Abelardo R.94585510aTrujillo a full size portrait = Trujillo de cuerpo entero /cAbelardo R. Nanita ; traducción al inglés M. A. Moore. a2a ed. rev. aSantiago, República Dominicana :bEditorial El Diario,c1939. a80 p. ;c18 cm. aInglés10aTrujillo Molina, Rafael Leónidas,d 1891-19619767640 aTrujillo de cuerpo entero1 aMoore, M. A.,etr.957804 aValidado. Control de calidad EMS. 001050718RVaPDbPDcHDd2011-06-20iLF1l0oF-RD 57 p31382-10r2020-06-25w2020-06-25y1zPerteneció a la biblioteca personal de Martínez Boog.ZNo se presta c30874d30874